[Event "Namangan op"]
[Site "Namangan"]
[Date "2025.05.29"]
[Round "1"]
[White "Abdurakhmanov, Mukhmmadali"]
[Black "Abdukayumov, Alisher"]
[Result "1-0"]
[WhiteElo "2368"]
[BlackElo "1913"]
[PlyCount "131"]
[EventDate "2025.05.29"]
[EventType "swiss"]
[EventRounds "9"]
[EventCountry "UZB"]
[SourceTitle "CB23_2025"]
[SourceDate "2025.06.04"]
[SourceVersion "1"]
[SourceVersionDate "2025.06.04"]
[SourceQuality "1"]

1. Nf3 Nf6 2. b3 d5 3. Bb2 g6 4. c4 dxc4 5. bxc4 c5 6. g3 Bg7 7. Bg2 0-0 8. 0-0 Nc6 9. d3 Qc7 10. Nc3 Bf5 11. Rb1 Rad8 12. Qc1 Qc8 13. Nd5 Be6 14. Nxf6+ exf6 15. Qf4 f5 16. Bxg7 Kxg7 17. Rb2 f6 18. h4 b6 19. a4 h6 20. Ra1 g5 21. Qc1 Qc7 22. Qc3 Kg6 23. Nh2 Na5 24. Bf3 g4 25. Bg2 f4 26. Nf1 Qe5 27. Qxe5 fxe5 28. Nd2 Rd4 29. Nb3 Nxb3 30. Rxb3 f3 31. exf3 gxf3 32. Bf1 e4 33. a5 b5 34. dxe4 b4 35. Rc1 Bg4 36. e5 Kf5 37. Bh3 Kxe5 38. Re3+ Kd6 39. Bxg4 Rxg4 40. Rd1+ Rd4 41. Rc1 Rg8 42. Rxf3 Rxh4 43. Rf6+ Ke5 44. Rc6 a6 45. Rxc5+ Kd6 46. Rf5 Rgg4 47. c5+ Ke6 48. Rf8 Rc4 49. Rb1 Rh5 50. Ra8 Rhxc5 51. Rxa6+ Kd7 52. Rb6 Rxa5 53. R6xb4 Rcc5 54. Rb7+ Kc8 55. Rb8+ Kd7 56. R1b7+ Kc6 57. Rb6+ Kc7 58. R8b7+ Kc8 59. Rh7 h5 60. Rf6 Rf5 61. Rxf5 Rxf5 62. Kg2 Kd8 63. f4 Ke8 64. Kh3 Kf8 65. Kh4 Kg8 66. Rxh5 1-0